header

What was D-Day? (Record no. 263767)

MARC details
000 -LEADER
fixed length control field 00614nam a22001817a 4500
003 - CONTROL NUMBER IDENTIFIER
control field OSt
005 - DATE AND TIME OF LATEST TRANSACTION
control field 20240606140250.0
008 - FIXED-LENGTH DATA ELEMENTS--GENERAL INFORMATION
fixed length control field 240606b xxu||||| |||| 00| 0 eng d
010 ## - LIBRARY OF CONGRESS CONTROL NUMBER
LC control number 2015939764
020 ## - INTERNATIONAL STANDARD BOOK NUMBER
International Standard Book Number 9780448484075 (pbk.)
040 ## - CATALOGING SOURCE
Transcribing agency DLC
050 ## - LIBRARY OF CONGRESS CALL NUMBER
Classification number D756.5.N6
Item number D458 2015
100 ## - MAIN ENTRY--PERSONAL NAME
Personal name Demuth, Patricia
Relator term author.
245 ## - TITLE STATEMENT
Title What was D-Day?
Statement of responsibility, etc by Patricia Brennan Demuth ; illustrated by David Grayson Kenyon.
260 ## - PUBLICATION, DISTRIBUTION, ETC. (IMPRINT)
Place of publication, distribution, etc New York, New York :
Name of publisher, distributor, etc Grosset & Dunlap, an imprint of Penguin Group (USA) LLC
Date of publication, distribution, etc [2015]
300 ## - PHYSICAL DESCRIPTION
Extent 107 pages :
Other physical details illustrations, maps ;
Dimensions 20 cm
942 ## - ADDED ENTRY ELEMENTS (KOHA)
Source of classification or shelving scheme Library of Congress Classification
Koha item type Long Loan Books
Holdings
Withdrawn status Lost status Source of classification or shelving scheme Damaged status Not for loan Collection code Home library Current library Shelving location Date acquired Total Checkouts Full call number Barcode Date last seen Price effective from Koha item type
    Library of Congress Classification     Fiction Rongo University Library Rongo University Library Children's Area 06/06/2024   D756.5.N6 D458 2015 20243382 06/06/2024 06/06/2024 Long Loan Books

© 2026 Rongo University
Contact us: librarian | system librarian | Rongo university